ბათუმის შოთა რუსთაველის სახელმწიფო უნივერსიტეტის ბიბლიოთეკა

ჰიდრავლიკა,ჰიდრავლიკური მანქანები,წყალმომარაგება. (ბიბ.ჩანაწერი № 44355)

000 -LEADER
fixed length control field 00906nam a2200217Ia 4500
001 - CONTROL NUMBER
control field 11116
003 - CONTROL NUMBER IDENTIFIER
control field GE_BSU
008 - FIXED-LENGTH DATA ELEMENTS--GENERAL INFORMATION
fixed length control field 181216s||||||||xx |||||||||||||| ||und||
040 ## - CATALOGING SOURCE
Transcribing agency GE_BSU
080 ## - UNIVERSAL DECIMAL CLASSIFICATION NUMBER
Universal Decimal Classification number 532+621.22+628.13(075.8)
100 ## - MAIN ENTRY--PERSONAL NAME
Personal name ნანაძე,ე.ნ. წიკლაური,დ.ს.
245 ## - TITLE STATEMENT
Title ჰიდრავლიკა,ჰიდრავლიკური მანქანები,წყალმომარაგება.
245 ## - TITLE STATEMENT
Statement of responsibility, etc. რედ:ქ.ა.ქუთათელაძე.
260 ## - PUBLICATION, DISTRIBUTION, ETC.
Place of publication, distribution, etc. თბილისი.
260 ## - PUBLICATION, DISTRIBUTION, ETC.
Name of publisher, distributor, etc. სასოფლო-სამეურნეო ინ-ტის გამ-ბა.
260 ## - PUBLICATION, DISTRIBUTION, ETC.
Date of publication, distribution, etc. 1960.
300 ## - PHYSICAL DESCRIPTION
Extent 291გვ;22სმ.
300 ## - PHYSICAL DESCRIPTION
Accompanying material ილ;
653 ## - INDEX TERM--UNCONTROLLED
Uncontrolled term ჰიდრავლიკა,ჰიდრავლიკური მანქანები,წყალმომარაგება.
942 ## - ADDED ENTRY ELEMENTS (KOHA)
Koha item type წიგნი
ეგზემპლარები
Withdrawn status Lost status Damaged status Not for loan Date acquired Barcode Date last seen Price effective from Koha item type
        2018-12-17 19288 2018-12-17 2018-12-17 წიგნი